LEADER 00968nam a22002651i 4500 001 991000057739707536 005 20040719121213.0 008 040802s1924 fr |||||||||||||||||fre 035 $ab13171926-39ule_inst 035 $aARCHE-112453$9ExL 040 $aBiblioteca Interfacoltà$bita$cA.t.i. Arché s.c.r.l. Pandora Sicilia s.r.l. 082 04$a914.58 100 1 $aMaeterlinck, Maurice$079942 245 10$aEn Sicile et en Calabre /$cpar Maurice Maeterlinck 260 $aParis :$bKra,$cc1924 300 $a75 p. ;$c18 cm 440 0$aVoyages 651 4$aSicilia$xDescrizioni e viaggi 651 4$aCalabria$xDescrizioni e viaggi 907 $a.b13171926$b02-04-14$c05-08-04 912 $a991000057739707536 945 $aLE002 Fondo Giudici N 945$g1$iLE002G-12809$lle002$nC. 1$o-$pE0.00$q-$rn$so $t0$u0$v0$w0$x0$y.i13811952$z05-08-04 996 $aEn Sicile et en Calabre$9312776 997 $aUNISALENTO 998 $ale002$b05-08-04$cm$da $e-$ffre$gfr $h0$i1 LEADER 01842nam0 22003971i 450 001 UON00164762 005 20231205103025.732 010 $a90-04-12545-0 100 $a20021122d2002 |0itac50 ba 101 $aeng 102 $aNL 105 $a|||| 1|||| 200 1 $aImpressions of Bhutan and Tibetan art (Tibetan studies III)$ePIATS 2000: Tibetan Studies: Proceedings of the Ninth Seminar of the International Association for Tibetan Studies, Leiden 2000$fEdited by John Ardussi and Henk Blezer, Abel Zadoks 210 $aLeiden$cBrill$d2002 215 $aXI, 150 p., 16 c. di tav.$d22 cm 311 $aTIB GEN E I 007 (2,3)$9UON00161034 312 $a3$9UON00370177 410 0$1001UON00161034$12001 $aBrill's Tibetan Studies Library$v2/3 TIB GEN E I 007 (2,3) 500 0$3UON00370177$aSeminar of the International association for Tibetan Studies <9. 2000. Leiden>$958020 500 1$3UON00377057$aPIATS 2000$959882 517 1$3UON00370043$aProceedings of the Ninth Seminar of the International Association for Tibetan Studies 606 $aArte$xTibet$3UONC001508$2FI 606 $aBHUTAN$xCultura e civiltà$3UONC016476$2FI 620 $aNL$dLeiden$3UONL003056 686 $aTIB GEN E I$cTIBET - CONGRESSI - GENERALIA$2A 702 1$aARDUSSI$bJohn$3UONV096618 702 1$aBLEZER$bHenk$3UONV095814 702 1$aZADOKS$bAbel$3UONV096619 712 $aBrill$3UONV245886$4650 801 $aIT$bSOL$c20251003$gRICA 899 $aSIBA - SISTEMA BIBLIOTECARIO DI ATENEO$2UONSI 912 $aUON00164762 950 $aSIBA - SISTEMA BIBLIOTECARIO DI ATENEO$dSI TIB GEN E I 007 (2,3) $eSI SA 106722 7 007 (2,3) 996 $aPIATS 2000$959882 996 $aSeminar of the International Association for Tibetan Studies$958020 997 $aUNIOR